000 00265nam a22001217a 4500
008 181218b xxu||||| |||| 00| 0 eng d
041 _aeng
080 _a371
100 _a46
101 _aEDU
245 _aGuide to Quality Control
_cIshikawa,K
942 _2udc
_cBK
999 _c53368
_d53368